| 000 | 00906cam a22003017a 4500 | ||
|---|---|---|---|
| 003 | CHAP | ||
| 005 | 20220329133324.0 | ||
| 008 | 971013s1989 r 00010 d | ||
| 010 | _a4883 | ||
| 011 | _a5855 | ||
| 035 | _a5071 | ||
| 040 | _cCHAP | ||
| 090 | _aFolleto 13702 | ||
| 100 | 0 | 0 |
_aMaiti Maiti, Ratikanta. _969935 |
| 245 | 0 | _aTécnica de farmacognosia | |
| 260 |
_a[Marín, N. L.] : _bUANL. Facultad de Ciencias Biológicas, _c1989 |
||
| 300 |
_a36 p. _b: ilus |
||
| 590 |
_aBATCH-UPD _b10 _c20130110 _lUCH01 _h1134 |
||
| 590 |
_aBATCH-UPD _b10 _c20130410 _lUCH01 _h0722 |
||
| 590 |
_aBATCH-UPD _b10 _c20130914 _lUCH01 _h0740 |
||
| 590 |
_aCONVERSION _b10 _c20130109 _lUCH01 _h1304 |
||
| 650 | 1 | 4 |
_aBotánica médica. _914680 |
| 650 | 1 | 4 |
_aDrogas. _934244 |
| 700 | 0 |
_aSalinas Cantú, Patricia L. _9101641 |
|
| 901 | _aBK | ||
| 942 | _cFOLL | ||
| 949 |
_aFolleto 13702 _bBC _cFOLL _d-14638 _eTS1 _i5071 _si |
||
| 999 |
_c4883 _d4883 |
||